Multimolecular tracers of terrestrial carbon transfer across the pan-Arctic: 14C characteristics of sedimentary carbon components and their environmental controls; Global Biogeochemical Cycles; Vol. 29, iss. 11

Detalles Bibliográficos
Parent link:Global Biogeochemical Cycles.— , 1987-
Vol. 29, iss. 11.— 2015.— [P. 1855–1873]
Corporate Authors: Национальный исследовательский Томский политехнический университет Институт природных ресурсов Кафедра геологии и разведки полезных ископаемых, Национальный исследовательский Томский политехнический университет Институт природных ресурсов Кафедра геологии и разведки полезных ископаемых Международная научно-образовательная лаборатория изучения углерода арктических морей
Outros autores: Feng X., Gustafsson O., Holmes R. M., Vonk J. E., van Dongen B. E., Semiletov I. P. Igor Petrovich, Dudarev O. V. Oleg Viktorovich, Yunker М. B., Macdonald R. W., Wacker L., Montlucon D. B., Eglinton T. I.
Summary:Title screen
Режим доступа: по договору с организацией-держателем ресурса
Idioma:inglés
Publicado: 2015
Subjects:
Acceso en liña:http://dx.doi.org/10.1002/2015GB005204
Formato: MixedMaterials Electrónico Capítulo de libro
KOHA link:https://koha.lib.tpu.ru/cgi-bin/koha/opac-detail.pl?biblionumber=649025

MARC

LEADER 00000naa0a2200000 4500
001 649025
005 20250227143626.0
035 |a (RuTPU)RU\TPU\network\14184 
035 |a RU\TPU\network\14181 
090 |a 649025 
100 |a 20160616d2015 k||y0rusy50 ba 
101 0 |a eng 
135 |a drcn ---uucaa 
181 0 |a i  
182 0 |a b 
200 1 |a Multimolecular tracers of terrestrial carbon transfer across the pan-Arctic: 14C characteristics of sedimentary carbon components and their environmental controls  |f X. Feng [et al.] 
203 |a Text  |c electronic 
300 |a Title screen 
320 |a [References: p. 1871-1873 (85 tit.)] 
333 |a Режим доступа: по договору с организацией-держателем ресурса 
461 |t Global Biogeochemical Cycles  |d 1987- 
463 |t Vol. 29, iss. 11  |v [P. 1855–1873]  |d 2015 
610 1 |a электронный ресурс 
610 1 |a труды учёных ТПУ 
701 1 |a Feng  |b X. 
701 1 |a Gustafsson  |b O. 
701 1 |a Holmes  |b R. M. 
701 1 |a Vonk  |b J. E. 
701 1 |a van Dongen  |b B. E. 
701 1 |a Semiletov  |b I. P.  |c geographer  |c Professor of Tomsk Polytechnic University, doctor of geographical Sciences  |f 1955-  |g Igor Petrovich  |3 (RuTPU)RU\TPU\pers\34220  |9 17751 
701 1 |a Dudarev  |b O. V.  |c geologist  |c researcher of Tomsk Polytechnic University, candidate of geological and mineralogical Sciences  |f 1955-  |g Oleg Viktorovich  |3 (RuTPU)RU\TPU\pers\35379  |9 18604 
701 1 |a Yunker  |b М. B. 
701 1 |a Macdonald  |b R. W. 
701 1 |a Wacker  |b L. 
701 1 |a Montlucon  |b D. B. 
701 1 |a Eglinton  |b T. I. 
712 0 2 |a Национальный исследовательский Томский политехнический университет  |b Институт природных ресурсов  |b Кафедра геологии и разведки полезных ископаемых  |3 (RuTPU)RU\TPU\col\18660  |9 27113 
712 0 2 |a Национальный исследовательский Томский политехнический университет  |b Институт природных ресурсов  |b Кафедра геологии и разведки полезных ископаемых  |b Международная научно-образовательная лаборатория изучения углерода арктических морей  |3 (RuTPU)RU\TPU\col\20711  |9 27810 
801 2 |a RU  |b 63413507  |c 20171115  |g RCR 
856 4 |u http://dx.doi.org/10.1002/2015GB005204 
942 |c CF